Financial econometrics (Registro nro. 324791)

Detalles MARC
000 -ENCABEZADO
Número de control [NR] 01645nam a22002897a 4500
005 - FECHA Y HORA DE LA ÚLTIMA TRANSACCIÓN
control field 20240923082212.0
008 - DE LONGITUD FIJA DE DATOS DE ELEMENTOS - INFORMACIÓN GENERAL
Elementos de longitud fija [NR] 240923b ||||| |||| 00| 0 eng d
020 ## - NUMERO INTERNACIONAL NORMALIZADO PARA LIBROS [R]
Número Internacional Normalizado del libro [NR] 9781107177154 (hbk.)
020 ## - NUMERO INTERNACIONAL NORMALIZADO PARA LIBROS [R]
Número Internacional Normalizado del libro [NR] 9781316630334 (pbk.)
040 ## - FUENTE DE CATALOGACION [NR]
Agencia de catalogación original [NR] CO-BoUCM
Quien Cataloga David Moreno
Quien Clasifica David Moreno
041 ## - CODIGO DE IDIOMA [R]
Código de idioma para texto/pista de sonido o título separado [R] Inglés
100 1# - ASIENTO PRINCIPAL--NOMBRE PERSONAL [NR]
Nombre personal [NR] Linton, Oliver
ID Autoridad 182990
245 1# - MENCION DE TITULO [NR]
Título [NR] Financial econometrics
Parte restante del título [NR] models and methods
Mención de responsabilidad, etc. [NR] Oliver Linton
260 ## - PUBLICACION, DISTRIBUCION, ETC. (PIE DE IMPRENTA) [R]
Lugar de publicación, distribución, etc. [R] Cambridge
Nombre del editor, distribuidor, etc. [R] Cambridge University Press
Fecha de publicación, distribución, etc. [R] 2019
300 ## - DESCRIPCION FISICA [R]
Extensión [R] xxvii, 555 Paginas
Otros detalles físicos [NR] ilustraciones
504 ## - NOTA DE BIBLIOGRAFIA, ETC. [R]
Nota de bibliografía, etc. [NR] Incluye referencias bibliográficas e índices
505 ## - NOTA DE CONTENIDO CON FORMATO PREESTABLECIDO [R]
Mención de responsabilidad [R] 1. Introduction and background -- 2. Econometric background -- 3. Return predictability and the efficient markets hypothesis -- 4. Robust tests and tests of nonlinear predictability of returns -- 5. Empirical market microstructure -- 6. Event study analysis -- 7. Portfolio choice and testing the capital asset pricing model -- 8. Multifactor pricing models -- 9. Present value relations --10. Intertemporal equilibrium pricing -- 11. Volatility -- 12. Continuous time processes -- 13. Yield curve -- 14. Risk management and tail estimation -- 15. Exercises and complements -- 16. Appendix
650 14 - ASIENTO SECUNDARIO DE MATERIA - TERMINO TEMATICO [R]
Término temático o nombre geográfico como elemento de entrada [NR] Finanzas Modelos econométricos.
9 (RLIN) 182991
650 14 - ASIENTO SECUNDARIO DE MATERIA - TERMINO TEMATICO [R]
Término temático o nombre geográfico como elemento de entrada [NR] Métodos estadísticos.
9 (RLIN) 19458
650 14 - ASIENTO SECUNDARIO DE MATERIA - TERMINO TEMATICO [R]
Término temático o nombre geográfico como elemento de entrada [NR] Modelos matemáticos.
9 (RLIN) 7842
650 14 - ASIENTO SECUNDARIO DE MATERIA - TERMINO TEMATICO [R]
Término temático o nombre geográfico como elemento de entrada [NR] Análisis de series de tiempo.
9 (RLIN) 8970
650 14 - ASIENTO SECUNDARIO DE MATERIA - TERMINO TEMATICO [R]
Término temático o nombre geográfico como elemento de entrada [NR] Procesos estocásticos.
9 (RLIN) 22406
650 14 - ASIENTO SECUNDARIO DE MATERIA - TERMINO TEMATICO [R]
Término temático o nombre geográfico como elemento de entrada [NR] Análisis de series temporales.
9 (RLIN) 182992
650 14 - ASIENTO SECUNDARIO DE MATERIA - TERMINO TEMATICO [R]
Término temático o nombre geográfico como elemento de entrada [NR] Procesos estocásticos.
9 (RLIN) 22406
942 ## - ELEMENTOS DE ENTRADA AGREGADOS (KOHA)
Sistema de clasificación DEWEY
Tema principal Economía
Tipo de ítem principal el descrito en 300a Libro
Edición 1
Clasificación 330.015195
Parte restante de la signatura top. L761f
Título oculto en OPAC No
Existencias
Total préstamos Signatura topográfica Código de barras Última vez visto Ejemplar Price effective from Tipo de ítem Perdido Sistema de clasificación Dañado No prestable Tipo de ítem específico Suprimido Ubicación habitual Ubicación actual Localización Fecha de creación Forma de adquisición Costo
  330.015195 L761f 100173197 18/02/2026 Ej.1 23/09/2024 Libro   DEWEY     Libro   Claustro Claustro Mezanine 23/09/2024 Compra 338712.00